00210nam a2200085Ia 4500008004100000100000900041245003600050260002600086650001200112190216s9999||||xx |||||||||||||| ||und|| aNull 0aLenin Selected Works Vol I To V bForeign Languages Pub aHistory